Correlatos psicosociales del consumo de sustancias psicoactivas en adolescentes españoles /
Se pretende analizar los factores que determinan el consumo de sustancias psicoactivas en jóvenes, evaluándola capacidad predictiva de variables actitudinales, afectivas, relaciones familiares, entre otros. Se logra confirmar que los adolescentes que consumen alcohol y otros tipos de drogas presenta...
Kaydedildi:
| Yazar: | |
|---|---|
| Diğer Yazarlar: | , |
| Materyal Türü: | Metin |
| Konular: | |
| Etiketler: |
Etiketle
Etiket eklenmemiş, İlk siz ekleyin!
|
MARC
| LEADER | 00000 a a2200000 04500 | ||
|---|---|---|---|
| 001 | 42958 | ||
| 003 | |||
| 040 | |||
| 100 | |a Villa Moral, Maríad de la | ||
| 245 | |a Correlatos psicosociales del consumo de sustancias psicoactivas en adolescentes españoles / |c María de la Villa Moral ; Francisco Javier Rodríguez ; Anastasio Ovejero | ||
| 520 | |a Se pretende analizar los factores que determinan el consumo de sustancias psicoactivas en jóvenes, evaluándola capacidad predictiva de variables actitudinales, afectivas, relaciones familiares, entre otros. Se logra confirmar que los adolescentes que consumen alcohol y otros tipos de drogas presentan un perfil diferencial respecto a los que no consumen en los factores mencionados anteriormente. Por ello se concluye que el consumo de drogas está determinado por la interrelación de variables personales, familiares, escolares y psicosociales. | ||
| 590 | |a aKSR/JUNIO2012 | ||
| 650 | |a DROGAS | ||
| 650 | |a ADOLESCENTES | ||
| 650 | |a PSICOLOGIA SOCIAL | ||
| 650 | |a ESPAÑA | ||
| 700 | |a Rodríguez, Francisco Javier | ||
| 700 | |a Ovejero, Ananstasio | ||
| 773 | |g volumen52, número5 (2010), páginas 406-415 : tablas | ||
| 999 | |c 24030 |d 24030 | ||
